NFL Teams by Division - Statistics

General Stats
  • This quiz has been taken 1,799 times
  • The average score is 7 of 8
Answer Stats
Division Team % Correct
AFC East Buffalo Bills, Miami Dolphins, New England Patriots, New York Jets
93%
AFC North Baltimore Ravens, Cincinnati Bengals, Cleveland Browns, Pittsburgh Steelers
87%
AFC West Denver Broncos, Kansas City Chiefs, Las Vegas Raiders, Los Angeles Chargers
86%
AFC South Houston Texans, Indianapolis Colts, Jacksonville Jaguars, Tennessee Titans
84%
NFC North Chicago Bears, Detroit Lions, Green Bay Packers, Minnesota Vikings
82%
NFC East Dallas Cowboys, New York Giants, Philadelphia Eagles, Washington Redskins
82%
NFC South Atlanta Falcons, Carolina Panthers, New Orleans Saints, Tampa Bay Buccaneers
77%
NFC West Arizona Cardinals, Los Angeles Rams, San Francisco 49ers, Seattle Seahawks
75%
No matching quizzes found
Score Distribution
Percent of People with Each Score
Percentile by Number Answered
Your Score History
You have not taken this quiz